[Event "Tournoi Skype 032B"]
[Site "Skype"]
[Date "????.??.??"]
[Round "6.22"]
[White "De Coninck, Philippe"]
[Black "Ponz Lazaro, Ruperto"]
[Result "1-0"]
[WhiteElo "1510"]
[BlackElo "1558"]
[PlyCount "81"]

1. e4 d5 2. exd5 Qxd5 3. Nc3 Qd6 4. d4 Nf6 5. Nf3 a6 6. Bc4 Nc6 7. O-O Bg4 8.
Re1 e6 9. Re3 O-O-O 10. d5 Ne5 11. Be2 Nxf3+ 12. Bxf3 Bxf3 13. Rxf3 exd5 14.
Bg5 Be7 15. Qd4 Kb8 16. Be3 c5 17. Qd2 Qb6 18. Na4 Qc6 19. Bf4+ Ka8 20. Qa5 Ka7
21. Bc7 Rc8 22. Bb6+ Kb8 23. Rc3 Bd8 24. Bxd8 Rhxd8 25. Rxc5 Qd6 26. b4 Rxc5
27. bxc5 Qc7 28. Nb6 Nd7 29. Nxd7+ Rxd7 30. Qb4 Qc6 31. Re1 Rc7 32. f3 Ka7 33.
Re2 Qxc5+ 34. Qxc5+ Rxc5 35. Kf1 Rc7 36. Ke1 Kb6 37. Rd2 Kc5 38. Rd3 Kc4 39.
Kd2 b6 40. Rc3+ Kb5 41. Rxc7 1-0

[Event "Tournoi Skype 032B"]
[Site "Skype"]
[Date "????.??.??"]
[Round "6.23"]
[White "Rosenkoetter, David"]
[Black "Hernandez Monzon, Alejandro"]
[Result "1-0"]
[WhiteElo "1505"]
[BlackElo "1552"]
[PlyCount "53"]

1. e4 e6 2. d3 d5 3. Nd2 Nf6 4. Ngf3 c5 5. e5 Nfd7 6. c3 Nc6 7. Nb3 Ndxe5 8. d4
cxd4 9. Bb5 a6 10. Bxc6+ bxc6 11. Nxe5 Qf6 12. Qe2 dxc3 13. Nd4 Bb4 14. O-O c5
15. Ndc6 a5 16. Nxb4 axb4 17. Qb5+ Bd7 18. Nxd7 Qe7 19. Nb6+ Kd8 20. Nxa8 Qd7
21. Qb6+ Ke7 22. Nc7 Rc8 23. Qxc5+ Kd8 24. Nxe6+ fxe6 25. Bg5+ Ke8 26. Qxb4 e5
27. bxc3 1-0

[Event "Tournoi Skype 032B"]
[Site "Skype"]
[Date "????.??.??"]
[Round "6.24"]
[White "Linares Vernet, Ana"]
[Black "Borg, Anthony"]
[Result "1-0"]
[WhiteElo "1485"]
[BlackElo "1548"]
[PlyCount "85"]

1. e4 d6 2. d4 c6 3. c4 Nf6 4. Nc3 Bg4 5. Be2 Bxe2 6. Qxe2 e6 7. Nf3 Nbd7 8.
O-O Qc7 9. a3 h6 10. Bd2 g5 11. h3 g4 12. hxg4 Nxg4 13. Nh2 Nxh2 14. Kxh2 Nf6
15. Kg1 h5 16. Bg5 Be7 17. e5 Ng4 18. Bxe7 Qxe7 19. f3 Nh6 20. exd6 Qxd6 21.
Qe5 Qxe5 22. dxe5 O-O-O 23. Rad1 Rdg8 24. Ne4 Kc7 25. Nf6 Rg5 26. Rfe1 Nf5 27.
f4 Rg3 28. Ne4 Rg4 29. Nd6 Rxf4 30. Nxf5 Rxf5 31. Rd3 Rg8 32. Rh3 Rfg5 33. Re2
Rd8 34. Rf3 Rd1+ 35. Rf1 Rd4 36. Rxf7+ Kb6 37. c5+ Ka6 38. Rf6 Rdg4 39. Rxe6
Rc4 40. Rf6 Rxc5 41. e6 Rc1+ 42. Rf1 c5 43. Rxc1 1-0

[Event "Tournoi Skype 032B"]
[Site "Skype"]
[Date "????.??.??"]
[Round "6.26"]
[White "Koohnavard, Neda"]
[Black "Hernandez, Enrique"]
[Result "0-1"]
[WhiteElo "1481"]
[BlackElo "1543"]
[PlyCount "66"]

1. c4 c5 2. Nf3 Nc6 3. e4 e5 4. d3 a6 5. Be2 d6 6. Nbd2 Nf6 7. Nb3 g6 8. Bd2
Bg7 9. O-O O-O 10. Qc1 Bg4 11. Re1 Nh5 12. Bh6 Bxf3 13. Bxf3 Nf4 14. Bxf4 exf4
15. Rb1 Ne5 16. Qd1 Qg5 17. Na5 Ra7 18. b4 b6 19. Nb3 f5 20. bxc5 bxc5 21. Qe2
Re7 22. Qd1 Kh8 23. Nc1 fxe4 24. Bxe4 f3 25. g3 Ref7 26. Rb6 Ng4 27. Bxf3 Rxf3
28. Qe2 Bd4 29. Qxf3 Rxf3 30. Re8+ Kg7 31. Rb7+ Rf7 32. Rb1 Nxf2 33. Rg8+ Kxg8
0-1

[Event "Tournoi Skype 032B"]
[Site "Skype"]
[Date "????.??.??"]
[Round "6.27"]
[White "Mira Poveda, Jose Antonio"]
[Black "Facco Comunello, Lorenzo"]
[Result "1-0"]
[WhiteElo "1542"]
[BlackElo "1400"]
[PlyCount "64"]

1. d4 d5 2. e3 Bf5 3. c4 e6 4. Nf3 Nf6 5. Be2 dxc4 6. Bxc4 Be7 7. O-O O-O 8.
Re1 Ne4 9. Nbd2 c5 10. b3 Nc3 11. e4 Bxe4 12. Nxe4 Nxd1 13. Rxd1 cxd4 14. Rxd4
Qc7 15. Bb2 Nc6 16. Rd2 Rfd8 17. Bd3 Nb4 18. Rc1 Qa5 19. Bc3 Qh5 20. Ng3 Qh6
21. Bb1 Nd5 22. Be5 Bd6 23. Re1 Bb4 24. Re4 g6 25. Rh4 Qf8 26. Rd3 Be7 27. Rg4
h5 28. Nxh5 Qh6 29. Nf4 Nxf4 30. Bxf4 Rxd3 31. Bxd3 Rd8 32. Bxh6 Rxd3 1-0

[Event "Tournoi Skype 032B"]
[Site "Skype"]
[Date "????.??.??"]
[Round "6.28"]
[White "Rodriguez, Nathalie"]
[Black "Saglam, Derya"]
[Result "1-0"]
[WhiteElo "1537"]
[BlackElo "1400"]
[PlyCount "67"]

1. d4 e6 2. Nf3 d5 3. Bf4 c6 4. c4 Nf6 5. Nc3 Bb4 6. Qc2 O-O 7. e3 Ne4 8. Bd3
Nd7 9. O-O Qf6 10. Nxe4 dxe4 11. Bxe4 g6 12. Bh6 Re8 13. a3 Bf8 14. Bg5 Qg7 15.
Rad1 f5 16. Bd3 Nf6 17. Ne5 Bd6 18. f4 Bxe5 19. fxe5 Ng4 20. Qe2 h6 21. Bf4 Qe7
22. h3 g5 23. Bg3 f4 24. Qxg4 fxg3 25. Rf6 Rf8 26. Rxh6 Rf7 27. Bg6 Rg7 28. Qh5
Kf8 29. Rh8+ Rg8 30. Qh6+ Qg7 31. Rf1+ Ke7 32. Rf7+ Kd8 33. Rxg7 Rxh8 34. Qxh8#
1-0

[Event "Tournoi Skype 032B"]
[Site "Skype"]
[Date "????.??.??"]
[Round "6.29"]
[White "Montilla Bejarano, Mey"]
[Black "Battaglia, Gabriele"]
[Result "0-1"]
[WhiteElo "1450"]
[BlackElo "1535"]
[PlyCount "34"]

1. d4 Nf6 2. Bf4 e6 3. h3 d5 4. Nf3 Bd6 5. Ne5 Nbd7 6. c4 c5 7. e3 Qb6 8. b3
O-O 9. Nc3 dxc4 10. Nxc4 Qb4 11. Bxd6 Qxc3+ 12. Nd2 Re8 13. Rc1 Qa5 14. Rc2
cxd4 15. g4 Qd5 16. Bf4 Qxh1 17. Nf3 e5 0-1

[Event "Tournoi Skype 032B"]
[Site "Skype"]
[Date "????.??.??"]
[Round "6.31"]
[White "Sauvaget, Joel"]
[Black "Torres, Vicky"]
[Result "1-0"]
[WhiteElo "1553"]
[BlackElo "1400"]
[PlyCount "73"]

1. d4 d5 2. Bf4 e6 3. e3 Nf6 4. h3 Be7 5. Nf3 c5 6. c3 Nbd7 7. Be2 O-O 8. O-O
Re8 9. Re1 Nf8 10. Nbd2 Ng6 11. Bh2 Ne4 12. Nxe4 dxe4 13. Nd2 Qd5 14. Nf1 b6
15. Bg3 Bb7 16. Nh2 Nh4 17. Bxh4 Bxh4 18. Ng4 Be7 19. Ne5 f6 20. Ng4 e5 21.
dxe5 fxe5 22. Qxd5+ Bxd5 23. Nxe5 Bd6 24. Ng4 Re6 25. a3 a5 26. Rad1 Bc6 27.
Bc4 Rd8 28. Bxe6+ Kf8 29. Ne5 Ba4 30. Rd2 Ke7 31. Bc4 Be8 32. Bb3 a4 33. Bc2 h6
34. Red1 Kf6 35. Ng4+ Kf5 36. Rxd6 Rxd6 37. Rxd6 1-0

[Event "Tournoi Skype 032B"]
[Site "Skype"]
[Date "????.??.??"]
[Round "6.32"]
[White "Wildt, Gerti"]
[Black "Busto, Ricardo"]
[Result "0-1"]
[WhiteElo "1438"]
[BlackElo "1585"]
[PlyCount "122"]

1. Nf3 Nf6 2. d4 d6 3. g3 c6 4. Bg2 d5 5. O-O e6 6. Bg5 Nbd7 7. c4 Be7 8. Nc3
O-O 9. b3 Ne4 10. Nxe4 dxe4 11. Bxe7 Qxe7 12. Ne5 Nxe5 13. dxe5 e3 14. fxe3 Qc5
15. Qd3 b6 16. Rac1 Bb7 17. Qd4 Qe7 18. Rf4 Rad8 19. Qc3 Qc5 20. b4 Qe7 21. a3
c5 22. Rf2 Bxg2 23. Kxg2 Qb7+ 24. Kg1 cxb4 25. axb4 Rd7 26. Rf4 Rfd8 27. Rd4
Rxd4 28. exd4 Qe4 29. b5 Qxe2 30. Re1 Qg4 31. Kg2 Rxd4 32. h3 Rxc4 33. Qd3 Qd4
34. Qxd4 Rxd4 35. Ra1 a5 36. bxa6 Rd8 37. a7 Ra8 38. Kf3 Kf8 39. Ke4 Ke7 40.
Kd4 Kd7 41. Kc4 Kc6 42. Kd4 Kb7 43. Kc4 Rxa7 44. Rxa7+ Kxa7 45. Kb5 Kb7 46. h4
f6 47. exf6 gxf6 48. g4 e5 49. g5 fxg5 50. hxg5 e4 51. Kc4 Kc6 52. Kd4 b5 53.
Kxe4 Kd6 54. Kf5 b4 55. Kf6 b3 56. Kg7 b2 57. Kxh7 b1=Q+ 58. g6 Qh1+ 59. Kg7
Ke7 60. Kg8 Kf6 61. g7 Qg1 0-1

[Event "Tournoi Skype 032B"]
[Site "Skype"]
[Date "????.??.??"]
[Round "6.33"]
[White "Marroquin Mayhua, Silvia"]
[Black "Schuh, David"]
[Result "0-1"]
[WhiteElo "1519"]
[BlackElo "1422"]
[PlyCount "64"]

1. e4 e5 2. c4 Bc5 3. Nc3 Nf6 4. Be2 c6 5. a3 d5 6. d3 d4 7. Na4 Nbd7 8. Nxc5
Nxc5 9. Nf3 Qe7 10. Bd2 Rb8 11. b4 Ncd7 12. Nh4 b5 13. Nf5 Qf8 14. cxb5 Rxb5
15. a4 Rb8 16. Rb1 a6 17. a5 g6 18. Bh6 Qg8 19. Bg7 gxf5 20. Bxh8 Qxh8 21. O-O
h5 22. h4 c5 23. bxc5 Rxb1 24. Qxb1 Nxc5 25. exf5 Qh7 26. Rc1 Bxf5 27. Rxc5 Qg7
28. Qb8+ Ke7 29. Rc7+ Nd7 30. Qb4+ Kd8 31. Rb7 Bh3 32. f3 Qxg2# 0-1

[Event "Tournoi Skype 032B"]
[Site "Skype"]
[Date "????.??.??"]
[Round "6.34"]
[White "Valmalette, Alain"]
[Black "Alesse, Samuel"]
[Result "1-0"]
[WhiteElo "1513"]
[BlackElo "1400"]
[PlyCount "51"]

1. d4 d5 2. Bf4 e6 3. Nf3 Nf6 4. e3 Nbd7 5. c4 c5 6. Nc3 cxd4 7. exd4 Be7 8.
Bd3 dxc4 9. Bxc4 O-O 10. O-O a6 11. b3 Bb4 12. Rc1 b5 13. a4 bxc4 14. bxc4 Bxc3
15. Rxc3 Bb7 16. Qb3 Rb8 17. c5 Bxf3 18. Bxb8 Bxg2 19. Kxg2 Ne4 20. Rd3 Qg5+
21. Bg3 h5 22. f4 Qg4 23. Rff3 Rb8 24. Qa3 h4 25. h3 hxg3 26. hxg4 1-0

[Event "Tournoi Skype 032B"]
[Site "Skype"]
[Date "????.??.??"]
[Round "6.36"]
[White "Viatge, Fabrice"]
[Black "Colangelo, Michele"]
[Result "1/2-1/2"]
[WhiteElo "1400"]
[BlackElo "1464"]
[PlyCount "28"]

1. c4 e5 2. Nc3 Nf6 3. Nf3 Nc6 4. d3 h6 5. g3 Bb4 6. Bd2 O-O 7. Bg2 d6 8. O-O
Re8 9. a3 Ba5 10. b4 Bb6 11. Rb1 a6 12. a4 Ba7 13. b5 Nb8 14. Qc1 c6 1/2-1/2

[Event "Tournoi Skype 032B"]
[Site "Skype"]
[Date "????.??.??"]
[Round "6.37"]
[White "Mendoza Lainez, Ricardo Jose"]
[Black "Jacinto Sebastian, Carlos Ivan"]
[Result "1/2-1/2"]
[WhiteElo "1452"]
[BlackElo "1400"]
[PlyCount "71"]

1. d4 e6 2. c4 Bd6 3. Nc3 c5 4. Nf3 Ne7 5. Bg5 O-O 6. e3 f6 7. Bh4 b6 8. Bd3
Bb7 9. Qc2 Ng6 10. Bg3 Qc7 11. Nh4 Nh8 12. f4 f5 13. d5 Na6 14. a3 Rae8 15.
O-O-O exd5 16. Bxf5 d4 17. Bxh7+ Kf7 18. exd4 Ke7 19. Nf5+ Kd8 20. Bh4+ Kc8 21.
Ne7+ Kb8 22. Ned5 Bxf4+ 23. Kb1 Qd6 24. dxc5 Nxc5 25. Nb4 Qh6 26. Bg3 g6 27.
Bxg6 Nxg6 28. Bf2 Bxg2 29. Rhe1 Rc8 30. Bxc5 bxc5 31. Nbd5 Bf3 32. Qb3+ Ka8 33.
Rc1 Qxh2 34. Nb6+ axb6 35. Qa4+ Kb8 36. Nb5 1/2-1/2

[Event "Tournoi Skype 032B"]
[Site "Skype"]
[Date "????.??.??"]
[Round "6.38"]
[White "Hernandez, Ivan"]
[Black "Farfallini, Michel"]
[Result "1-0"]
[WhiteElo "1413"]
[BlackElo "1642"]
[PlyCount "43"]

1. e4 e5 2. Bc4 d6 3. Nc3 Nf6 4. d4 Be7 5. dxe5 dxe5 6. Qxd8+ Bxd8 7. Nf3 Nbd7
8. O-O b6 9. Be3 Bb7 10. Ng5 Rf8 11. Bb5 Be7 12. Bxd7+ Nxd7 13. a3 O-O-O 14.
Nxh7 Rh8 15. Ng5 Nf6 16. Nxf7 Rh4 17. Nxd8 Bxd8 18. g3 Rh8 19. f3 Be7 20. Rad1
Nd7 21. Nd5 Nc5 22. Nxe7+ 1-0

[Event "Tournoi Skype 032B"]
[Site "Skype"]
[Date "????.??.??"]
[Round "6.39"]
[White "De Souza, Luciano"]
[Black "Ahrens, Melanie"]
[Result "1-0"]
[WhiteElo "1407"]
[BlackElo "1550"]
[PlyCount "79"]

1. d4 e6 2. c4 Nf6 3. g3 Bb4+ 4. Bd2 Bxd2+ 5. Qxd2 O-O 6. Bg2 d5 7. Nf3 dxc4 8.
a4 Nbd7 9. Na3 b6 10. Nxc4 Bb7 11. O-O Rc8 12. Rfe1 Ne4 13. Qd3 c5 14. Nfd2
Nxd2 15. Bxb7 Rb8 16. Bg2 Nxc4 17. Qxc4 Rc8 18. d5 exd5 19. Bxd5 Qf6 20. b3 Ne5
21. Qc2 Ng4 22. e4 Qh6 23. f4 Rcd8 24. Rad1 Nf6 25. Bc4 Rxd1 26. Rxd1 Re8 27.
e5 Ng4 28. Qe2 Qh5 29. Rd7 Rf8 30. Rxa7 Qf5 31. Bd3 Qe6 32. Bc4 Qf5 33. Kg2 h5
34. h3 Nh6 35. h4 Rd8 36. e6 Rf8 37. e7 Re8 38. Bb5 Qc8 39. Bxe8 Qxe8 40. Ra8
1-0

[Event "Tournoi Skype 032B"]
[Site "Skype"]
[Date "????.??.??"]
[Round "6.40"]
[White "Roberge, Yves"]
[Black "Alarcon Alarcon, Marina"]
[Result "0-1"]
[WhiteElo "1401"]
[BlackElo "1527"]
[PlyCount "68"]

1. d4 Nf6 2. Bf4 d5 3. Nf3 e6 4. e3 Bd6 5. Ne5 O-O 6. c4 Nbd7 7. Nd2 Bb4 8. Bd3
dxc4 9. Bxc4 Nxe5 10. dxe5 Ne4 11. Qc2 Bxd2+ 12. Ke2 Nxf2 13. Kxf2 Ba5 14. Qe4
Qh4+ 15. g3 Qh5 16. Be2 Qf5 17. Qxf5 exf5 18. Bd3 Be6 19. e4 fxe4 20. Bxe4 c6
21. Rhd1 Bb6+ 22. Kg2 Rad8 23. Bd3 h6 24. Rd2 Bd5+ 25. Kh3 g5 26. a3 gxf4 27.
gxf4 Be3 28. Re2 Bxf4 29. Rg1+ Bg5 30. Re3 Kh8 31. Reg3 Be6+ 32. Kg2 Rd4 33.
Rd1 Bd5+ 34. Kh3 Rh4# 0-1

[Event "Tournoi Skype 032B"]
[Site "Skype"]
[Date "????.??.??"]
[Round "6.41"]
[White "Aghaee, Shirin"]
[Black "Munera Garcia, Lina Marcela"]
[Result "0-1"]
[WhiteElo "1400"]
[BlackElo "1478"]
[PlyCount "44"]

1. e4 c5 2. Nf3 d6 3. Bc4 Nf6 4. d3 e6 5. O-O a6 6. a4 Be7 7. Qe2 O-O 8. c3 d5
9. exd5 exd5 10. Bb3 Re8 11. Ne5 Bd6 12. Bf4 Bxe5 13. Bxe5 Nbd7 14. d4 c4 15.
Bc2 Qe7 16. Re1 Nxe5 17. dxe5 Ng4 18. Nd2 Nxe5 19. Qh5 h6 20. Nf3 Nxf3+ 21.
Qxf3 Qxe1+ 22. Rxe1 Rxe1# 0-1

[Event "Tournoi Skype 032B"]
[Site "Skype"]
[Date "????.??.??"]
[Round "6.43"]
[White "Ortis, Yves"]
[Black "Davanzo, Luca"]
[Result "1/2-1/2"]
[WhiteElo "1452"]
[BlackElo "1400"]
[PlyCount "74"]

1. e4 c5 2. Bc4 e6 3. Nf3 Nf6 4. d3 Nc6 5. c3 d5 6. exd5 exd5 7. Bb5 Bd7 8.
Qe2+ Be7 9. Bg5 O-O 10. O-O h6 11. Bf4 Re8 12. Nbd2 a6 13. Bxc6 Bxc6 14. Qd1
Bb5 15. Ne5 Bd6 16. Re1 Bxe5 17. Bxe5 Bxd3 18. Nf3 Bb5 19. a4 Bc6 20. Qc2 d4
21. Red1 Nd7 22. cxd4 Bxf3 23. gxf3 Nxe5 24. dxe5 Qg5+ 25. Kh1 Rxe5 26. Qb3 Rb8
27. Qb6 Rbe8 28. Qxb7 R5e7 29. Qxa6 Re2 30. Rg1 Qh4 31. Rae1 Rxe1 32. Rxe1
Rxe1+ 33. Kg2 Qg5+ 34. Kh3 Qh5+ 35. Kg2 Qg5+ 36. Kh3 Qh5+ 37. Kg2 Qg5+ 1/2-1/2

[Event "Tournoi Skype 032B"]
[Site "Skype"]
[Date "????.??.??"]
[Round "6.45"]
[White "Costa, Silveria"]
[Black "Achicanoy, Yolanda"]
[Result "0-1"]
[WhiteElo "1400"]
[BlackElo "1443"]
[PlyCount "96"]

1. f4 e6 2. d3 d5 3. Nf3 Bd6 4. e3 h6 5. Be2 Nc6 6. O-O Nf6 7. Nc3 O-O 8. b3
Re8 9. Bb2 e5 10. fxe5 Bxe5 11. d4 Bd6 12. Qd3 a6 13. a4 Bd7 14. Nh4 Be6 15. e4
Qc8 16. e5 Bxe5 17. dxe5 Nxe5 18. Qg3 Qd7 19. Rxf6 Qd6 20. Bc1 Qc6 21. Bd2 Rad8
22. Rxh6 d4 23. Rf1 dxc3 24. Be3 Re7 25. Nf5 Bxf5 26. Rxf5 Qe4 27. Qg5 Red7 28.
Bh5 Rd1+ 29. Bxd1 Rxd1+ 30. Rf1 Qd5 31. Qe7 gxh6 32. Qe8+ Kh7 33. h3 Qe4 34.
Kf2 Qxc2+ 35. Kg1 Qxb3 36. Rxd1 Qxd1+ 37. Kh2 c2 38. Qxe5 b5 39. Qf5+ Kg7 40.
h4 bxa4 41. h5 a3 42. Qf4 Kf8 43. Qxh6+ Ke8 44. Qh8+ Kd7 45. Qf8 a2 46. Qxf7+
Kc6 47. h6 a1=Q 48. Qf6+ Qxf6 0-1

[Event "Tournoi Skype 032B"]
[Site "Skype"]
[Date "????.??.??"]
[Round "6.46"]
[White "Skura, Simone"]
[Black "De Deus, Licelia"]
[Result "1-0"]
[WhiteElo "1441"]
[BlackElo "1400"]
[PlyCount "55"]

1. e4 g5 2. d4 g4 3. Be2 h5 4. Nc3 d6 5. Bc4 f5 6. Bb5+ Bd7 7. exf5 a5 8. Nge2
c6 9. Bd3 e5 10. dxe5 dxe5 11. O-O h4 12. Re1 Nf6 13. Nd4 Bd6 14. Be3 exd4 15.
Bxd4+ Be7 16. Bxf6 Rh7 17. Qxg4 Rf7 18. Bxe7 Qxe7 19. Rxe7+ Kxe7 20. Qxh4+ Kd6
21. f6 Be6 22. Bg6 Rf8 23. Qd4+ Bd5 24. Be4 Nd7 25. Nxd5 c5 26. Qc3 Ne5 27. f4
Nf7 28. Ne3 1-0

[Event "Tournoi Skype 032B"]
[Site "Skype"]
[Date "????.??.??"]
[Round "6.47"]
[White "Hernandez Lopez, Joaquin"]
[Black "Kumar, Ajeet"]
[Result "0-1"]
[WhiteElo "1439"]
[BlackElo "1400"]
[PlyCount "96"]

1. e4 a6 2. d4 d5 3. e5 e6 4. a3 c5 5. Be3 c4 6. c3 h6 7. Nf3 Be7 8. Nbd2 Bg5
9. h4 Bxe3 10. fxe3 Ne7 11. Be2 Qa5 12. Nh2 Ng6 13. g3 Qb6 14. Qc2 Ne7 15. O-O
Nf5 16. Rf3 Qd8 17. e4 Ne7 18. Raf1 O-O 19. Rf4 dxe4 20. Nxe4 Nf5 21. R1f3 b5
22. Rg4 Bb7 23. Nf6+ Kh8 24. Ne4 Nd7 25. Nf1 f6 26. Ne3 fxe5 27. Nxf5 exf5 28.
Rg6 Bxe4 29. Qd2 Bxf3 30. Bxf3 Rb8 31. Rxh6+ Kg8 32. Bd5+ Rf7 33. Rg6 f4 34.
Qh2 Nf8 35. Bxf7+ Kxf7 36. Rxa6 exd4 37. gxf4 dxc3 38. Ra7+ Kg8 39. bxc3 Qd1+
40. Kg2 Qc2+ 41. Kh3 Qxc3+ 42. Qg3 Qf6 43. Rc7 Ne6 44. Rc6 Nxf4+ 45. Kg4 Qxc6
46. Qxf4 Rf8 47. Qe5 c3 48. h5 Qf3+ 0-1

[Event "Tournoi Skype 032B"]
[Site "Skype"]
[Date "????.??.??"]
[Round "6.48"]
[White "Diaz Yara, Jose Mauricio"]
[Black "Mascarenhas, Marco"]
[Result "1-0"]
[WhiteElo "1435"]
[BlackElo "1400"]
[PlyCount "67"]

1. c4 e5 2. Nc3 f5 3. d4 e4 4. h4 Nf6 5. Nh3 Bb4 6. e3 Bxc3+ 7. bxc3 d6 8. Nf4
O-O 9. c5 d5 10. c4 c6 11. Bd2 b6 12. cxd5 cxd5 13. Rc1 Bb7 14. Ne6 Qe7 15.
Nxf8 Qxf8 16. Qb3 Nc6 17. cxb6 Qd6 18. bxa7 Rxa7 19. Bb5 Ra3 20. Qb2 Ng4 21.
Bxc6 Bxc6 22. Rxc6 Qxc6 23. Qxa3 Qc2 24. Qa8+ Kf7 25. Qxd5+ Kg6 26. h5+ Kf6 27.
Qb3 Qc7 28. h6 f4 29. hxg7 Kxg7 30. exf4 e3 31. fxe3 h5 32. Rxh5 Kg6 33. Qg8+
Kxh5 34. Qg5# 1-0

[Event "Tournoi Skype 032B"]
[Site "Skype"]
[Date "????.??.??"]
[Round "6.49"]
[White "Coutellier, Olivia"]
[Black "Lai, Mattia"]
[Result "0-1"]
[WhiteElo "1400"]
[BlackElo "1424"]
[PlyCount "90"]

1. d4 Nf6 2. e3 g6 3. Nf3 Bg7 4. Bc4 d5 5. Bb5+ c6 6. Bd3 Na6 7. Nc3 Nb4 8. O-O
Nxd3 9. Qxd3 Bf5 10. e4 dxe4 11. Qe3 Ng4 12. Qf4 exf3 13. Qxf3 Bxd4 14. Ne2
Bxf2+ 15. Kh1 Be3 16. h3 Nf2+ 17. Kh2 Qb8+ 18. g3 Bc5 19. Bg5 f6 20. Bf4 Qd8
21. Rae1 e5 22. Be3 Bxe3 23. Qxe3 Bxh3 24. Rxf2 Bg4 25. Nc3 O-O 26. Qe4 f5 27.
Qxe5 h5 28. Na4 h4 29. gxh4 Qxh4+ 30. Kg2 Bh3+ 31. Kf3 Qg4+ 32. Ke3 f4+ 33.
Rxf4 Qg3+ 34. Rf3 Qxe5+ 35. Kf2 Qh2+ 36. Ke3 Rae8+ 37. Kd3 Rxf3+ 38. Kc4 b5+
39. Kb4 Qd2+ 40. Nc3 Qxe1 41. Kc5 Re5+ 42. Kxc6 b4 43. Nb5 Qe4+ 44. Kd6 Re6+
45. Kc5 Rf5# 0-1

[Event "Tournoi Skype 032B"]
[Site "Skype"]
[Date "????.??.??"]
[Round "6.51"]
[White "Alcaraz Acosta, Luisa Montserrat"]
[Black "Baker, Abi"]
[Result "1-0"]
[WhiteElo "1382"]
[BlackElo "1438"]
[PlyCount "47"]

1. e4 d5 2. exd5 Qxd5 3. Nc3 Qa5 4. d4 Nf6 5. Nf3 Bf5 6. Be2 e6 7. O-O Bd6 8.
Be3 Nc6 9. Nd2 Ng4 10. Bxg4 Bxg4 11. Qxg4 g6 12. Rfe1 f5 13. Qh4 Be7 14. Bg5
Kd7 15. Bxe7 Nxe7 16. Nb3 Qa6 17. Nc5+ Kc6 18. Nxa6 bxa6 19. Qxe7 Rae8 20. Qa3
Kb6 21. Rxe6+ Rxe6 22. Qb3+ Ka5 23. Qd5+ Kb4 24. a3# 1-0

[Event "Tournoi Skype 032B"]
[Site "Skype"]
[Date "????.??.??"]
[Round "6.53"]
[White "Osti, Giorgio"]
[Black "Samudio Villarreal, Eduardo"]
[Result "1-0"]
[WhiteElo "1400"]
[BlackElo "1379"]
[PlyCount "61"]

1. e4 e5 2. Nf3 d6 3. Bc4 h6 4. Nc3 Nf6 5. d4 Be7 6. O-O O-O 7. Be3 Bd7 8. Qe2
c6 9. dxe5 dxe5 10. Nxe5 Be6 11. Bxe6 fxe6 12. Rad1 Qc7 13. Ng6 Rf7 14. Bf4 e5
15. Bxe5 Qc8 16. Rd2 Nbd7 17. Nxe7+ Rxe7 18. Bxf6 Nxf6 19. e5 Nd7 20. e6 Nf6
21. Ne4 Nd5 22. c4 Nf4 23. Qe3 Rf7 24. exf7+ Kxf7 25. Qxf4+ Kg8 26. Re1 Qf8 27.
Qg4 Re8 28. Rde2 a6 29. Nd6 Re7 30. Rxe7 Qxe7 31. Rxe7 1-0

[Event "Tournoi Skype 032B"]
[Site "Skype"]
[Date "????.??.??"]
[Round "6.54"]
[White "Bosetti, Giancarlo"]
[Black "Molina, Maria Lucia"]
[Result "1-0"]
[WhiteElo "1389"]
[BlackElo "1395"]
[PlyCount "65"]

1. e4 e5 2. Bc4 Nc6 3. Nf3 Bc5 4. c3 Nf6 5. Bb3 d6 6. d3 h6 7. Nbd2 O-O 8. O-O
Bg4 9. h3 Bh5 10. Re1 Na5 11. Bc2 c6 12. d4 exd4 13. cxd4 Bxd4 14. Nb3 Nxb3 15.
Bxb3 Qb6 16. Qc2 Rfe8 17. Be3 Bxe3 18. Rxe3 Re7 19. Rae1 Rae8 20. Qd3 Qd8 21.
e5 Bg6 22. Qxd6 Qxd6 23. exd6 Rxe3 24. Rxe3 Rxe3 25. fxe3 b5 26. Ne5 a5 27.
Nxg6 Kh7 28. Ne5 a4 29. Bc2+ Kh8 30. a3 b4 31. axb4 g5 32. Bxa4 Nd7 33. Nxd7
1-0

[Event "Tournoi Skype 032B"]
[Site "Skype"]
[Date "????.??.??"]
[Round "6.55"]
[White "Bucherie, Volcy"]
[Black "Ricord, Gerardo"]
[Result "0-1"]
[WhiteElo "1538"]
[BlackElo "1371"]
[PlyCount "66"]

1. Nf3 Nc6 2. g3 d5 3. d4 Nf6 4. Bg2 Bg4 5. O-O e6 6. c4 Be7 7. Nc3 O-O 8. Bf4
h6 9. Nb5 Bd6 10. Bxd6 cxd6 11. cxd5 Nxd5 12. e4 Nb6 13. Rc1 a6 14. Nc3 d5 15.
h3 Bh5 16. Qd2 Bg6 17. Ne5 Nc4 18. Nxc4 dxc4 19. d5 b5 20. dxc6 Qxd2 21. c7
Qxb2 22. e5 Rac8 23. Bb7 Rxc7 24. Bxa6 Rd8 25. Bxb5 Bd3 26. Rfd1 Rc5 27. a4
Rxe5 28. Kg2 Rf5 29. g4 Qxf2+ 30. Kh1 Qf3+ 31. Kh2 Qf2+ 32. Kh1 Rf3 33. Bxc4
Rxh3# 0-1

[Event "Tournoi Skype 032B"]
[Site "Skype"]
[Date "????.??.??"]
[Round "6.56"]
[White "Carias, Nancy"]
[Black "Hargez, Dany"]
[Result "1-0"]
[WhiteElo "1333"]
[BlackElo "1578"]
[PlyCount "23"]

1. d4 d5 2. e3 Bf5 3. Nf3 Nf6 4. Nc3 e6 5. Be2 Bb4 6. Bd2 Nc6 7. a3 O-O 8. axb4
Nxb4 9. O-O Be4 10. Nxe4 Nxe4 11. Bxb4 f5 12. Ne5 1-0

[Event "Tournoi Skype 032B"]
[Site "Skype"]
[Date "????.??.??"]
[Round "6.57"]
[White "Vargas, Elvin"]
[Black "Podesta, Javier"]
[Result "0-1"]
[WhiteElo "1443"]
[BlackElo "1400"]
[PlyCount "80"]

1. e4 e6 2. e5 Nc6 3. d4 b6 4. Be2 Bb7 5. Bf3 d6 6. Bf4 dxe5 7. Bxe5 Rb8 8. Ne2
Nxe5 9. Bxb7 Rxb7 10. O-O Nd7 11. d5 e5 12. Nbc3 Qf6 13. Qd3 Nc5 14. Qb5+ c6
15. dxc6 Rc7 16. b4 Ne6 17. Nd5 Qg6 18. Nxc7+ Nxc7 19. Qxe5+ Kd8 20. Rad1+ Kc8
21. Rd7 Qxc6 22. Rfd1 f6 23. Rd8+ Kb7 24. Qf5 Ne7 25. Qd3 Qb5 26. Qxb5 Nxb5 27.
R1d7+ Nc7 28. c4 Nc6 29. Re8 Nb8 30. Rxb8+ Kxb8 31. Rd8+ Kb7 32. b5 a6 33. Nd4
Ne8 34. Nc6 Nd6 35. Rb8+ Kc7 36. Ra8 Nxc4 37. Rxa6 Bc5 38. Ra7+ Kd6 39. g4 Ne5
40. Rxg7 Nxc6 0-1

[Event "Tournoi Skype 032B"]
[Site "Skype"]
[Date "????.??.??"]
[Round "6.60"]
[White "Melo, Marcelo"]
[Black "Cassano, Mariangela"]
[Result "0-1"]
[WhiteElo "1400"]
[BlackElo "1306"]
[PlyCount "77"]

1. d4 d5 2. Bf4 Bf5 3. e3 e6 4. c3 Nf6 5. Nf3 Bd6 6. Bg3 Be4 7. Nbd2 O-O 8. Qb3
Nbd7 9. O-O-O Nc5 10. dxc5 Bxc5 11. Re1 c6 12. Ne5 Bd6 13. Nxe4 dxe4 14. Nc4
Bc5 15. h3 h6 16. Bh4 Qd7 17. g3 g5 18. Qb5 cxb5 19. Na5 gxh4 20. gxh4 b6 21.
Nb3 Bd6 22. Bg2 Rfe8 23. Rd1 Rac8 24. f4 Qc6 25. Nd4 Qd7 26. b3 e5 27. fxe5
Bxe5 28. Ne2 Bd6 29. Nf4 Bc5 30. Rxd7 Bxe3+ 31. Kb1 Bxf4 32. Rxa7 Rxc3 33. a4
Nd5 34. Bxe4 Rxe4 35. Rd7 Re2 36. Rd8+ Kg7 37. Rg1+ Kf6 38. Rf1 Rxb3+ 39. Ka1
0-1

[Event "Tournoi Skype 032B"]
[Site "Skype"]
[Date "????.??.??"]
[Round "7.1"]
[White "Barrera Mendoza, Carlos"]
[Black "Moumtaz, Abderrahim"]
[Result "1-0"]
[WhiteElo "1521"]
[BlackElo "1598"]
[PlyCount "101"]

1. e4 e5 2. Nf3 Nc6 3. Nc3 Nf6 4. Bb5 Bd6 5. O-O O-O 6. a3 a6 7. Bc4 b5 8. Bb3
Bc5 9. d3 d6 10. h3 h6 11. Re1 Qe7 12. Nh4 Nxe4 13. Rxe4 Be6 14. Nd5 Qd7 15.
Qf3 f5 16. Re1 Nd4 17. Nf6+ Rxf6 18. Bxe6+ Qxe6 19. Qxa8+ Rf8 20. Qxa6 Nxc2 21.
Be3 Bxe3 22. fxe3 Nxa1 23. Rxa1 Qf6 24. Nf3 e4 25. Nd4 exd3 26. Qxb5 c5 27. Nf3
Rc8 28. Qxd3 Qxb2 29. Qb1 Qc3 30. Qc1 Qf6 31. a4 Ra8 32. Qd1 Rc8 33. a5 c4 34.
Nd4 c3 35. Nc2 Rd8 36. Qd5+ Kh8 37. a6 Qe5 38. Qxe5 dxe5 39. a7 Ra8 40. Kf2 Kg8
41. Ke2 e4 42. Nd4 c2 43. Nxc2 Kf7 44. Nd4 g6 45. Nc6 Ke6 46. Rb1 Rc8 47. Rb8
Rxc6 48. a8=Q Rc2+ 49. Kd1 Rxg2 50. Rb6+ Kf7 51. Qa7+ 1-0